000
00305nam a2200109 a 4500
005
20200930080352.0
008
120418s1983 000 spa d
020
_a
8400055292
245
3
_a
La concordancia gramatical en la lengua espaƱola hablada en Madrid.
260
_a
Madrid,
_c
1983.
999
_c
36923
_d
36923
040
_a
DO-SdBNP